Tous les boss de Hollow Knight - Statistiques

Statistiques générales
  • Ce quiz a été pris 609 fois
  • Le résultat moyen est 18 sur 46
Statistiques - réponses
% Correct
04 Faux Chevalier
80%
45 Radiance
79%
41 Hollow Knight
78%
43 Grimm
72%
42 Vaisseau Pur
61%
01 Mère Gruz
59%
10 Dames Mante
54%
14 Vaisseau Corrompu
52%
16 Nosk
50%
07 Hornet Sentinelle
49%
26 Maître De L'Âme
49%
44 Roi Des Cauchemars
48%
46 Radiance Véritable
46%
15 Proche Disparu
44%
40 Grand Maître D'Aiguillon Sly
43%
28 Défenseur Bousier
42%
27 Tyran De L'Âme
41%
30 Veilleur
41%
38 Oro & Mato
39%
06 Hornet Protectrice
38%
39 Maître Peintre Sheo
38%
22 Uumuu
37%
34 Markoth
36%
05 Champion Raté
34%
29 Protecteur Blanc
34%
23 Seigneur Traitre
32%
35 Xero
32%
36 Gorb
31%
31 Sans-Yeux
30%
13 Chevalier De La Ruche
29%
33 Galien
28%
20 Gardien De Cristal
28%
32 Marmu
28%
17 Nosk Ailé
28%
11 Soeurs d'Armes
26%
19 Dompteur De Dieux
24%
37 Hu L'Ancien
24%
18 Collectionneur
23%
21 Gardien Furieux
22%
02 Mouche Vengeresse Royale
22%
24 Zote Le Prince Gris
22%
09 Flukemarm
21%
03 Mawlek Maussade
20%
25 Guerrier De L'Âme
17%
08 Emboutisseur Moussu Massif
15%
12 Oblobbles
12%
Aucun quiz correspondant
Distribution des résultats
% des personnes avec chaque résultat
Percentile par nombre de réponses
Votre historique - résultats
Vous n’avez pas pris ce quiz